000
00335nam a2200145Ia 4500
003
OSt
005
20240103051141.0
008
170523s9999 xx 000 0 und d
020
_a
9788126531745
040
_c
IIMTU
100
_a
Arrillaga- J.
245
0
_a
Power System Quality Assessment
260
_a
Wiley India
942
_2
ddc
_c
03
999
_c
12259
_d
12259